000 00770nam a2200205Ii 4500
003 JO-AjNU
008 230605s9999||||xx |||||||||||||| ||und||
040 _aJO-AjNU
_bara
_erda
_cJO-AjNU
041 _aara
050 1 4 _aBP173.758.B35 2010
100 3 _aالبنك الاسلامي الاردني,
_eauthor
_950831
245 0 0 _aالفتاوى الشرعية، ج1
264 3 1 _aعمان: البنك الاسلامي الاردني، 2010
300 _aج1، 113ص
336 _atext
_btxt
_2rdacontent
337 _aunmediated
_bn
_2rdamedia
338 _avolume
_bnc
_2rdacarrier
490 0 _aنشرة اعلامية رقم 4
650 4 _aالبنوك الاسلامية- المعاملات- الفقه الاسلامي- الاقتصاد الاسلامي
_950832
999 _aA22415
_c25983
_d25983